Movies Quiz

Random Movies or Famous Quiz

The Independence Day Speech Quiz Stats

 Plays Quiz Updated Jul 4, 2012

Score 0/159 Timer 05:00
0 Plays Today
% Correct
a
95.6%
the
93.7%
the
93.7%
the
93.7%
the
93.7%
the
93.7%
the
93.7%
the
93.7%
the
93.7%
the
93.7%
In
93.7%
in
93.7%
in
93.7%
in
93.7%
We
93.1%
We
93.1%
We
93.1%
we
93.1%
'We
93.1%
We
93.1%
we
93.1%
day,
87.5%
day
87.5%
Day!'
87.5%
to
87.4%
To
87.4%
to
87.4%
to
87.4%
our
84.7%
our
84.7%
our
84.6%
our
84.6%
our
84.6%
will
84.1%
will
84.1%
will
84.1%
will
84.1%
will
84.1%
will
84.1%
will
84.1%
Independence
82.3%
go
78.9%
no
77.8%
an
76.5%
an
76.5%
Not
75%
not
75%
not
75%
fight!
73.6%
be
71.4%
be
71.4%
be
71.4%
be
71.4%
% Correct
be
71.4%
of
70%
of
70%
of
70%
of
70%
today.
69.8%
today
69.8%
Today,
69.8%
on!
66.4%
world,
66.3%
world
66.3%
is
65.8%
for
63.2%
for
63.2%
for
63.2%
celebrate
61.4%
night!
61.1%
into
60%
and
59.4%
and
59.4%
And
59.4%
quietly
55.2%
That
53.1%
that
53.1%
live.
53.1%
live
53.1%
us
51.8%
are
50%
without
49.9%
you
49.4%
you
49.4%
all
47.6%
from
47.5%
from
47.5%
from
47.5%
from
47.5%
American
47.1%
but
45.6%
but
45.6%
as
45.5%
as
45.5%
have
44.7%
July,
42.3%
July
42.3%
Fourth
42.2%
Fourth
42.2%
hour,
41.6%
Good
41.2%
We're
40.5%
We're
40.5%
morning.
39.6%
one
39.3%
when
39.3%
% Correct
going
38.5%
going
38.5%
longer
37.7%
freedom.
37.2%
survive!
36.3%
should
35.9%
should
35.9%
holiday,
35.7%
than
35%
mankind.
35%
'Mankind.'
35%
or
34.4%
win
33.3%
word
32.7%
new
32%
right
31.9%
united
31.6%
around
31.4%
less
31.1%
history
31.1%
meaning
30.7%
here
30.2%
fighting
29.6%
fighting
29.6%
tyranny,
27.7%
battle
27.6%
join
27.3%
known
26.8%
voice:
26.6%
it's
25.9%
can't
25.8%
largest
24.5%
by
24.2%
oppression,
23.1%
annihilation.
22.9%
again
22.6%
vanish
21.8%
differences
20.3%
once
20.1%
petty
20%
aerial
19.8%
aircraft
19.4%
exist.
18.7%
others
18.5%
persecution,
17%
anymore.
16.6%
fate
16%
Perhaps
15.5%
launching
15.1%
declared
15%
consumed
13.8%
common
13.4%
interests.
10.1%

You're not logged in!

Compare scores with friends on all Sporcle quizzes.
OR
Log In

Sporcle TV

Today on Sporcle TV


Watch our educational content, quiz creation guides, and fun videos on Sporcle TV.

Show Comments

Extras

Top Quizzes Today


Score Distribution

Your Account Isn't Verified!

In order to create a playlist on Sporcle, you need to verify the email address you used during registration. Go to your Sporcle Settings to finish the process.

Report this User

Report this user for behavior that violates our Community Guidelines.

Details: